00533nam a2200193 a 4500001001300000003000900013005001700022008004100039020001000080082001600090100003800106245002000144260004000164300000800204500003500212505003400247650002000281700003800301nice12345678IN_TiNIC20260116011510.0050524s0000 dela grp 000 0 urd  ac10000a297.2bKAN1 aKandhilwi Mohd, Ehtesham Ul Hasan aIslah-E-Inqelab aDelhibIdara Ishaat-E-Diniyatc0000 a48p aincludes index and biblioraphy2 ascn book club study project.3 aIslam-Doctrines1 aKandhilwi Mohd, Ehtesham Ul Hasan